The Backseat Lovers - Kilby Girl Lyrics - Statistics

General Stats
  • This quiz has been taken 93 times
  • The average score is 154 of 173
Answer Stats
Answer % Correct
19
100%
a
100%
and
100%
And
100%
better
100%
do
100%
fake
100%
girls
100%
I
100%
ID
100%
kind
100%
nose
100%
of
100%
ring
100%
She
100%
she
100%
than
100%
those
100%
to
100%
got
98%
tend
98%
that
98%
things
98%
was
98%
it
96%
know
96%
overheard
96%
she's
96%
you
94%
nothin'
92%
we
92%
neither
91%
the
91%
figure
89%
i've
89%
out
89%
what
89%
where
89%
dying
87%
hiding
87%
playing
87%
afternoon
85%
but
85%
cool
85%
i'm
85%
lying
85%
raining
85%
suppose
85%
whole
85%
need
83%
night
83%
ride
83%
waste
83%
We're
83%
both
81%
it's
81%
can
79%
into
79%
said
79%
smoke
79%
place
75%
down
74%
road
72%
there's
70%
nineteen
64%
throwing
62%
nothing
58%
away
57%
my
57%
room
57%
carry
55%
so
55%
since
53%
with
53%
been
49%
like
47%
tune
47%
yours
47%
carrying
45%
wrecked
42%
Feels
40%
love
40%
chase
32%
Jack
32%
No matching quizzes found
Score Distribution
Percent of People with Each Score
Percentile by Number Answered
Your Score History
You have not taken this quiz